| 000 | 00410cam a2200169ua 4500 | ||
|---|---|---|---|
| 020 | _c3.00 | ||
| 041 |
_amal _h |
||
| 082 |
_a951 _bJOS/CH |
||
| 100 | _aJoseph, Mundasseri . | ||
| 245 |
_aChina munnottu / _cJoseph mundasseri. _hTextual Documents |
||
| 260 |
_aThrissur : _bMangalodhayam pvt ltd , _c1961. |
||
| 300 | _a261 ; . | ||
| 365 | _a3.00 | ||
| 504 | _a | ||
| 942 | _cBK | ||
| 999 |
_c6346 _d6346 |
||